Ανάπτυξη πολιτιστικού τουρισμού στον ελλαδικό χώρο : μορφές επιχειρηματικής δραστηριότητας, τοπικές αναπτυξιακές πρωτοβουλίες : διπλωματική εργασία
Αποθηκεύτηκε σε:
| Κύριος συγγραφέας: | |
|---|---|
| Συγγραφή απο Οργανισμό/Αρχή: | |
| Άλλοι συγγραφείς: | , |
| Μορφή: | Thesis Βιβλίο |
| Γλώσσα: | Greek |
| Δημοσίευση: |
1998
|
| Θέματα: | |
| Ετικέτες: |
Προσθήκη ετικέτας
Δεν υπάρχουν, Καταχωρήστε ετικέτα πρώτοι!
|
MARC
| LEADER | 00000cam a2200000 i 4500 | ||
|---|---|---|---|
| 001 | 1/22736 | ||
| 008 | 011024s1998 gre d | ||
| 035 | |l 10067533 | ||
| 040 | |a GR-MY-UA |b gre |e aacr | ||
| 041 | 0 | |a gre | |
| 082 | 0 | |a 338.479109495 |2 (22) | |
| 100 | 1 | |a Καραγιαννάκη, Άννα. | |
| 245 | 1 | 0 | |a Ανάπτυξη πολιτιστικού τουρισμού στον ελλαδικό χώρο : |b μορφές επιχειρηματικής δραστηριότητας, τοπικές αναπτυξιακές πρωτοβουλίες : διπλωματική εργασία / |c Αννα Καραγιαννάκη ; Υπεύθυνος καθηγητής: Π. Τσάρτας ; Δεύτερος βαθμολογητής: Μ. Στογιαννίδου |
| 260 | |c 1998 | ||
| 300 | |a 77 σ.; |c 30 εκ. | ||
| 502 | # | # | |a Πτυχιακή εργασία – Πανεπιστήμιο Αιγαίου, Χίος, 1998. |
| 504 | |a Περιλαμβάνει βιβλιογραφία | ||
| 610 | 2 | 0 | |a Πανεπιστήμιο Αιγαίου. |
| 650 | 0 | 0 | |a Heritage tourism |z Greece. |
| 650 | 0 | 0 | |a Dissertations, Academic |z Greece. |
| 700 | 1 | |a Τσάρτας, Πάρις, |d 1956- |4 ths | |
| 700 | 1 | |a Στογιαννίδου, Μαριάνθη. |4 ths | |
| 710 | 1 | |a Πανεπιστήμιο Αιγαίου |b Σχολή Επιστημών της Διοίκησης |b Τμήμα Διοίκησης Επιχειρήσεων - Τ.Δ.Ε. | |
| 852 | |a INST |b CHIOS |c DIATR |e 20011024 |h 338.479109495 ΚΑΡ |p 005200020849 |q 005200020849 |t DIE |y 23 | ||
| 901 | |a BIBL2-2001-3 | ||
| 909 | |a Χ |b 084080 | ||
| 924 | |a ΚΑΡΑΓΙΑΝΝΑΚΗ |b ΑΝΝΑ |y ΧΙΟΣ |z 2001-10 | ||
| 970 | |a ΝΤΟΥΜΗ |b ΜΑΡΙΑ |z 2001/10/24 | ||